Les décisions d'achat des consommateurs à l'égard des achats transfrontaliers diplomová práca
Salvato in:
| Autore principale: | |
|---|---|
| Ente Autore: | |
| Altri autori: | |
| Natura: | Libro |
| Lingua: | francese |
| Pubblicazione: |
Bratislava
2018
|
| Tags: |
Nessun Tag, puoi essere il primo ad aggiungerne!!
|
MARC
| LEADER | 00000nbm a2200000 4500 | ||
|---|---|---|---|
| 001 | 0243401 | ||
| 005 | 20190227143014.2 | ||
| 041 | 0 | |a fre | |
| 044 | |a SK | ||
| 245 | 1 | 0 | |a Les décisions d'achat des consommateurs à l'égard des achats transfrontaliers |b diplomová práca |c Eduard Dunčič ; školiteľ: Pavol Kita |
| 264 | 1 | |a Bratislava |c 2018 | |
| 300 | |a 73 s. | ||
| 100 | 1 | |a Dunčič, Eduard | |
| 700 | 1 | |a Kita, Pavol | |
| 710 | 2 | |a Obchodná fakulta EU. Katedra marketingu | |